| 000 | 00464nam a2200169 i 4500 | ||
|---|---|---|---|
| 001 | 39891 | ||
| 003 | ES-MaACL | ||
| 005 | 20230906160110.0 | ||
| 007 | t| | ||
| 008 | 030304s1959 sp ||||1| spa d | ||
| 100 | 1 |
_aCañedo, Julián. _934743 |
|
| 245 | 1 | 0 |
_aBajo el vuelo de las águilas / _cJulián Cañedo. |
| 250 | _a[1ª ed.]. | ||
| 260 |
_aMadrid : _b[s.n.], _c1959 ( _fTalls. Ograma) |
||
| 300 |
_a300 p. ; _c19 cm. |
||
| 852 |
_aES-MaACL _jC-16290 _bR.44237 |
||
| 999 |
_c39891 _d39891 |
||